High School Musical Lyrics #2 - Statistics

General Stats
  • This quiz has been taken 201 times
  • The average score is 3 of 5
Answer Stats
Hint Answer % Correct
We're soarin flyin,there's not a star in heaven that we can't reach if we're tryin Breaking Free
97%
If you wanna be cool follow one simple rule, don't mess with the flow oh no Stick to The Status Quo
82%
Living in my own world didn't understand that anything can happen when you take a chance The Start of Something New
82%
Gonna do it again, gonna wake up the neighborhood Boys Are Back
68%
Before you go and make that face you make when your mad at me, so mad at me A Billion Sorry's
18%
No matching quizzes found
Score Distribution
Percent of People with Each Score
Percentile by Number Answered
Your Score History
You have not taken this quiz